000 00880cab a2200241 4500
001 ABS53778
008 090401t1995 xxu||||| |||| 00| 0 eng d
035 _a(Sirsi) u6556
041 _aeng
245 _aSpecial report: Information technology
260 _c1995
350 _a0
490 _aProperty Week
_v53(2) 12 October 1995, 74-86(7)
520 _aArticles look at the extent to which information technologies are being used by surveyors: how Geographical Information Systems are being used by property managers: what virtual reality can offer developers: and the 1995 Property Computer Show.
650 _aGIS
650 _aPROPERTY COMPUTER SHOW
650 _aPROPERTY DEVELOPMENT
650 _aProperty management
_96262
650 _aVIRTUAL REALITY
690 _aMANAGEMENT-BUSINESS MANAGEMENT-INFORMATION MANAGEMENT
942 _n0
948 _c04/03/1997
999 _c3922
_d3922